| 000 | 01438nam0a2200349 4500 | ||
|---|---|---|---|
| 001 | RU\NLR\BIBL_A\022274406 | ||
| 005 | 20251006165848.0 | ||
| 010 |
_a978-5-17-158134-3 _93000 |
||
| 021 |
_aRU _bКН-П-24-029982 _9КН-П-24-3047 |
||
| 035 | _a(NLR Aleph) 022274406 | ||
| 090 |
_a12365734 _c12365734 |
||
| 100 | _a20240709d2024 u y0rusy50 ca | ||
| 101 | 1 |
_arus _ckor |
|
| 102 | _aRU | ||
| 105 | _aa z 000yy | ||
| 181 | 0 |
_ab3 _bbb2e |
|
| 181 | 0 |
_ai2 _baxxe |
|
| 182 | 0 | _an | |
| 200 | 1 |
_aРисуем вебтун _eприятные свет и цвет _eпрактическое руководство _fПак Рино _gперевод с корейского Полины Воронцовой |
|
| 203 |
_aИзображение _aТекст _bвизуальные _cнепосредственные |
||
| 210 |
_aМосква _cАСТ _d2024 |
||
| 215 |
_a202, [1] с. _cил., цв. ил. _d26 |
||
| 225 | 1 | _aРисуем вебтун | |
| 333 | _a16+ | ||
| 606 | 1 |
_aРисунок _xТехника _xИнформационные технологии _jПрактические пособия _2nlr_sh2 _3RU\NLR\AUTH\661473825 |
|
| 686 | 1 | _aЩ150.844-5-05 я78 | |
| 700 | 0 |
_aПак Рино _3RU\NLR\AUTH\770285005 |
|
| 702 | 1 |
_aВоронцова _bП. С. _gПолина С. _4730 |
|
| 942 | _cBOOK | ||
| 980 | _aNB | ||